| 000 | 00497nam a2200157 a 4500 | ||
|---|---|---|---|
| 005 | 20140412111259.0 | ||
| 008 | 010418s19uu xx 00 eng d | ||
| 020 | _a971-8509-11-9 | ||
| 050 |
_aFil E _bMa41 1987 |
||
| 100 | _aBatnag, Aurora | ||
| 245 |
_aMatabagka and the god of the wind / _cby Aurora Batnag; illustrated by Melchor Silvestre. |
||
| 260 |
_aPhilippines : _bBasic Media Systems, Inc, _c1987. |
||
| 300 | _a1v. (unp.) ; ill. | ||
| 650 | _aWind stories, Filipino | ||
| 999 |
_c103299 _d103299 |
||